Holdings of government bonds by commercial banks during the financial and debt crisis in Europe

Salvato in:
Dettagli Bibliografici
Autore principale: Gvozdják, Vladimír
Altri autori: Chovancová, Božena
Natura: Capitolo di libro
Lingua:inglese
Soggetti:
Tags: Aggiungi Tag
Nessun Tag, puoi essere il primo ad aggiungerne!!

MARC

LEADER 00000naa$a2200000$$$4500
001 0222284
005 20240502083551.0
041 0 |a eng 
044 |a CZ 
245 1 0 |a Holdings of government bonds by commercial banks during the financial and debt crisis in Europe  |c Vladimír Gvozdják, Božena Chovancová 
610 2 0 |a dlhopisy štátne 
610 2 0 |a banky 
610 2 0 |a kríza 
610 2 0 |a dlhy 
100 1 |a Gvozdják, Vladimír 
700 1 |a Chovancová, Božena